000 00399pab a2200145 454500
008 180718b2000 xxu||||| |||| 00| 0 eng d
100 _aChai, Michael
245 _aConsumers international policy: consumer action for sustainable social development
260 _c2000
300 _ap.65-70
362 _aJun
650 _aEconomic and social development
773 _aDevelopment
909 _a45605
999 _c45605
_d45605